000 00659nam a2200229Ia 4500
003 OSt
005 20260309163319.0
008 210210b1951 xxu||||| |||| 00| 0 eng d
040 _cAL
041 _aHindi
082 _a864/138
100 _aSUKLA (Girija Datta)
_dशुक्ला (गिरिजा दत्ता)
_9258353
245 _aGuptaji ki kavya dhara
_bगुप्तजी की काव्य धारा
260 _aPrayAg
_b-
_c1951
650 _aki
_9258354
650 _akAvya
_9258355
650 _aGuptaji
_9258356
650 _adhAra
_9258357
690 _aHindi Criticism
_9258358
906 _a023674
942 _2ddc
_cBK
999 _c148640
_d148640